FERTILIZER use under multiple cropping systems : report of an expert consultation held in New Delhi, 3-6 February 1982

Bibliographic Details
Corporate Author: Food and Agriculture Organization of the United Nations (FAO)
Format: Book
Published: Rome : Food and Agriculture Organization of the United Nations , 1983
Series:FAO fertilizer and plant nutrition bulletin ; 5
Subjects:

MARC

LEADER 00000cam a2200000 7i4500
001 0000002811
005 20040115.0
020 0 0 |a 9251014078 
090 0 0 |a FAO631.81   |b FER 1983 
245 0 0 |a FERTILIZER use under multiple cropping systems :   |b report of an expert consultation held in New Delhi, 3-6 February 1982 
260 0 0 |a Rome :   |b Food and Agriculture Organization of the United Nations ,   |c 1983 
300 |a v, 210 p. :   |b ill. ;   |c 30 cm. 
440 0 0 |a FAO fertilizer and plant nutrition bulletin ; 5 
500 0 0 |a Bibliography: p. 179-201 
650 0 0 |a Fertilizers   |x Congresses 
650 0 0 |a Multiple cropping   |x Congresses 
710 1 1 |a Food and Agriculture Organization of the United Nations (FAO) 
998 |a JPSM 
999 |a 0000004458   |b Monograph   |c Food and Agriculture Organization   |e Default branch